Kleines Politisches Wörterbuch

Saved in:
Bibliographic Details
Format: Book
Language:German
Published: Berlin Dietz 1985
Edition:5. Aufl.
Tags: Add Tag
No Tags, Be the first to tag this record!

MARC

LEADER 00000nam a2200000 4500
001 c109739
005 20041019155144.8
041 0 |a ger 
044 |a DE 
245 1 0 |a Kleines Politisches Wörterbuch 
250 |a 5. Aufl. 
264 1 |a Berlin  |b Dietz  |c 1985 
300 |a 1133 s.